Chủ tịch Hồ Chí Minh tiểu sử và sự nghiệp
Giới thiệu thân thế, sự nghiệp vĩ đại của Hồ chủ tịch qua các giai đoạn: tìm đường cứu nước giải phóng dân tộc; Thành lập Đảng; Chỉ đạo cách mạng trong nước; Giành chính quyền; Lãnh đạo 2 cuộc kháng chiến chống Pháp và Mỹ
Đã lưu trong:
| 主要作者: | |
|---|---|
| 格式: | 图书 |
| 语言: | Vietnamese |
| 出版: |
H.
Giải phóng. Khu Trung Trung Bộ
1972
|
| 主题: | |
| 标签: |
添加标签
没有标签, 成为第一个标记此记录!
|
| Thư viện lưu trữ: | Mạng thư viện Đại học Đà Nẵng |
|---|
| LEADER | 01474nam a22003498a 4500 | ||
|---|---|---|---|
| 001 | 000007486 | ||
| 003 | 3648 | ||
| 005 | 20111004161055.0 | ||
| 008 | 111004s1972 b 000 0 vieod | ||
| 020 | |c 10000đ |d 50.100b | ||
| 041 | 0 | |a vie | |
| 082 | |a 335.4346 | ||
| 084 | |a A | ||
| 100 | 1 | |a Ban nghiên cứu lịch sử Đảng Trung Ương | |
| 245 | 1 | 0 | |a Chủ tịch Hồ Chí Minh tiểu sử và sự nghiệp |c Ban nghiên cứu lịch sử Đảng Trung Ương |
| 260 | |a H. |b Giải phóng. Khu Trung Trung Bộ |c 1972 | ||
| 300 | |a 176 tr |c 19cm | ||
| 520 | |a Giới thiệu thân thế, sự nghiệp vĩ đại của Hồ chủ tịch qua các giai đoạn: tìm đường cứu nước giải phóng dân tộc; Thành lập Đảng; Chỉ đạo cách mạng trong nước; Giành chính quyền; Lãnh đạo 2 cuộc kháng chiến chống Pháp và Mỹ | ||
| 653 | |a sự nghiệp | ||
| 653 | |a Hồ Chí Minh(1890-1869) | ||
| 653 | |a tiểu sử | ||
| 910 | |a Nguyễn Thị Kim Oanh |d 04/10/2011 | ||
| OWN | |a LSP | ||
| AVA | |a UDN50 |b LSP |d 335.4346 |e unavailable |t Error 5002 Not defined in file expand_doc_bib_avail. |f 1 |g 1 |h N |i 0 |k 1 | ||
| 999 | |a From the UDN01 | ||
| AVA | |a UDN50 |b LSP |d 335.4346 |e unavailable |t Error 5002 Not defined in file expand_doc_bib_avail. |f 1 |g 1 |h N |i 0 |k 1 | ||
| TYP | |a Monograph | ||
| TYP | |a Printed language | ||
| 980 | |a Mạng thư viện Đại học Đà Nẵng | ||